[Event "26th Zadar Open 2019"]
[Site "Zadar"]
[Date "2019.12.22"]
[Round "9.3"]
[White "Kozul, Zdenko"]
[Black "Galperin, Platon"]
[Result "1-0"]
[WhiteElo "2590"]
[BlackElo "2462"]
[Annotator "ChessBase"]
[PlyCount "79"]
[EventDate "2019.12.15"]
[EventType "swiss"]
[EventCountry "CRO"]
[SourceTitle "playchess.com"]
[Source "ChessBase"]
[SourceQuality "1"]
[TimeControl "40/5400+30:1800+30"]

1. d4 {[%emt 0:00:30]} f5 {[%emt 0:01:30]} 2. Nf3 {[%emt 0:05:30]} Nf6 {[%emt 0:00:00]} 3. Bf4 {[%emt 0:00:30]} g6 {[%emt 0:02:00]} 4. e3 {[%emt 0:00:00]} Bg7 {[%emt 0:00:00]} 5. h3 {[%emt 0:01:00]} d6 {[%emt 0:08:00]} 6. Be2 {[%emt 0:01:30]} e6 {[%emt 0:00:30]} 7. c4 {[%emt 0:01:30]} b6 {[%emt 0:14:30]} 8. Nc3 {[%emt 0:04:30]} O-O {[%emt 0:00:00]} 9. O-O {[%emt 0:00:30]} h6 {[%emt 0:03:00]} 10. Bh2 {[%emt 0:00:30]} Nbd7 {[%emt 0:04:30]} 11. b4 {[%emt 0:07:30]} Bb7 {[%emt 0:13:30]} 12. Rc1 {[%emt 0:12:30]} g5 {[%emt 0:08:30]} 13. c5 {[%emt 0:02:30]} g4 {[%emt 0:03:30]} 14. hxg4 {[%emt 0:01:30]} Nxg4 {[%emt 0:03:30]} 15. Bg3 {[%emt 0:06:30]} Ndf6 {[%emt 0:00:30]} 16. Nh4 {[%emt 0:04:30]} Kh7 {[%emt 0:06:30]} 17. cxd6 {[%emt 0:06:30]} cxd6 {[%emt 0:01:30]} 18. Nb5 {[%emt 0:00:30]} Ba6 {[%emt 0:05:30]} 19. Nc7 {[%emt 0:04:30]} Bxe2 {[%emt 0:00:30]} 20. Qxe2 {[%emt 0:00:30]} Qe7 {[%emt 0:00:30]} 21. Nxa8 {[%emt 0:00:30]} Rxa8 {[%emt 0:00:30]} 22. Qf3 {[%emt 0:12:30]} Rf8 {[%emt 0:02:30]} 23. Rc6 {[%emt 0:00:30]} Ne4 {[%emt 0:00:00]} 24. Rfc1 {[%emt 0:00:00]} Ngf6 {[%emt 0:01:36]} 25. Rc7 {[%emt 0:06:00]} Qe8 {[%emt 0:00:02]} 26. Bxd6 {[%emt 0:03:52]} Nxd6 {[%emt 0:00:33]} 27. Rxg7+ {[%emt 0:00:13]} Kxg7 {[%emt 0:00:19]} 28. Qg3+ {[%emt 0:00:08]} Ng4 {[%emt 0:00:53]} 29. Qxd6 {[%emt 0:00:06]} Qh5 {[%emt 0:00:28]} 30. Nf3 {[%emt 0:01:05]} Qe8 {[%emt 0:05:18]} 31. Ne5 {[%emt 0:01:14]} Nxe5 {[%emt 0:00:58]} 32. Qxe5+ {[%emt 0:00:06]} Kg8 {[%emt 0:00:23]} 33. b5 {[%emt 0:01:34]} f4 {[%emt 0:00:08]} 34. e4 {[%emt 0:05:40]} Qg6 {[%emt 0:00:27]} 35. Rc6 {[%emt 0:00:59]} Rf6 {[%emt 0:00:06]} 36. Rc8+ {[%emt 0:01:03]} Kh7 {[%emt 0:00:17]} 37. Rc7+ {[%emt 0:00:17]} Kg8 {[%emt 0:00:56]} 38. Rxa7 {[%emt 0:02:14]} h5 {[%emt 0:00:02]} 39. Ra3 {[%emt 0:02:09]} f3 {[%emt 0:00:23]} 40. Qg3 {[%emt 0:01:24]} 1-0

[Event "26th Zadar Open 2019"]
[Site "Zadar"]
[Date "2019.12.22"]
[Round "9.4"]
[White "Livaic, Leon"]
[Black "Stany, G.A."]
[Result "1/2-1/2"]
[WhiteElo "2505"]
[BlackElo "2526"]
[Annotator "TA"]
[PlyCount "121"]
[EventDate "2019.12.15"]
[EventType "swiss"]
[EventCountry "CRO"]
[SourceTitle "playchess.com"]
[Source "ChessBase"]
[SourceQuality "1"]

{[%evp 13,121,-14,-10,0,0,0,-8,-53,0,0,37,45,39,26,22,26,56,58,52,43,45,31,25,28,34,32,23,16,77,77,76,73,81,76,80,78,79,0,84,74,81,74,79,12,16,14,32,23,28,27,30,27,27,0,0,35,20,35,28,0,64,63,64,64,72,61,72,72,71,50,50,45,52,31,51,16,8,13,36,0,0,0,0,0,0,0,0,-4,-3,-39,-74,-73,-80,-358,-369,-388,-388,-1407,-1332,-1210,-1046,-449,0,0,0,0,0,0,0,0]} 1. d4 Nf6 2. c4 e6 3. g3 d5 4. Bg2 dxc4 5. Nf3 Bb4+ 6. Nc3 Nc6 7. O-O O-O 8. Qa4 {E20: Nimzo-Indian: 4 g3 and 4 f3} Nd5 9. Qc2 Be7 10. Ne4 $146 ({Predecessor:} 10. Rd1 Ncb4 11. Qd2 Rb8 12. Ne5 Nb6 13. a3 N4d5 14. e4 Nxc3 15. Qxc3 Bd7 16. Nxc4 Nxc4 17. Qxc4 {1-0 (70) Dubov,D (2700)-Anand,V (2764) Paris 2019}) 10... Ndb4 ({Black should try} 10... f5 $15 11. Nc3 Bd7) 11. Qxc4 $11 Qd5 (11... e5 $5) 12. Qxd5 exd5 13. Nc3 Nc2 14. Rb1 N2xd4 15. Nxd4 Nxd4 16. Rd1 Bf6 17. e3 ({Much worse is} 17. Bxd5 Bf5 $17) 17... Ne6 18. Nxd5 Bd8 19. b4 c6 20. Nc3 $36 {[%mdl 2048] White has the initiative.} Nc7 (20... Bf6 $11 21. Ne4 Be7) 21. b5 $1 $16 {[%cal Rb5c6]} Nxb5 22. Nxb5 cxb5 23. Rxb5 Bb6 24. Ba3 Re8 25. Bc5 (25. Rb2 $16) 25... Bxc5 (25... Bg4 $1 $11 26. f3 Bxc5 27. Rxc5 Be6) 26. Rxc5 Rb8 27. Rc7 Kf8 28. a4 (28. Rd4 $16) 28... a5 $11 29. Rd6 Be6 30. Rxb7 Rxb7 31. Bxb7 $14 {[%mdl 4096] Endgame KRB-KRB} Rb8 $1 {[%cal Rb8b7]} 32. Bc6 Rb6 {White must now prevent ...Ke7.} 33. Rd8+ Ke7 34. Re8+ Kd6 35. Bb5 Kc5 36. Kf1 Rb7 (36... Bc4+ $1 $11 37. Bxc4 Kxc4) 37. Ke1 Kb4 38. Kd2 Rc7 39. Rd8 Bb3 40. Rd4+ Ka3 41. Ke2 Rc2+ 42. Kf3 Rc1 43. Rd7 Rc5 44. g4 h5 45. h3 h4 46. Rd4 g5 47. Ke4 Bc2+ $1 48. Kf3 Bb3 49. Rd7 Rc2 50. Re7 f6 51. Rd7 Bxa4 52. Bxa4 Kxa4 $15 {KR-KR} 53. Rd6 $2 {[%mdl 8192] [#]} (53. Rb7 $17 {is the only way for White.}) 53... Kb5 $1 $19 54. Rxf6 {[#]} a4 $1 {[%cal Ba5a4,Ba4a3,Ba3a2][%mdl 32]} 55. Rf8 $2 (55. Rg6 Rc5 56. Ke4) 55... a3 56. Ra8 a2 57. Ke4 Rc4+ $2 ({Black should play} 57... Kb4 $19 58. f4 Rc4+ 59. Kf3 Kb3 60. Rxa2 Kxa2 61. fxg5 Kb3) 58. Kd5 $11 {The position is equal.} Rc5+ (58... Ra4 $5 59. Rb8+ $8 Ka6 60. Ra8+ Kb5 61. Rb8+ Ka6 62. Ra8+ Kb5 $11) 59. Kd4 Rc4+ 60. Kd5 Rc5+ (60... Ra4 $5 61. Rb8+ $8 Ka6 62. Ra8+ Kb5 63. Rb8+ Ka6 64. Ra8+ Kb5 $11) 61. Ke4 {Accuracy: White = 54%, Black = 75%.} 1/2-1/2

[Event "26th Zadar Open 2019"]
[Site "Zadar"]
[Date "2019.12.22"]
[Round "9.5"]
[White "Nguyen, Piotr"]
[Black "Predojevic, Borki"]
[Result "0-1"]
[WhiteElo "2413"]
[BlackElo "2616"]
[Annotator "TA"]
[PlyCount "170"]
[EventDate "2019.12.15"]
[EventType "swiss"]
[EventCountry "CRO"]
[SourceTitle "playchess.com"]
[Source "ChessBase"]
[SourceQuality "1"]

{[%evp 9,170,-13,0,-7,-1,-13,-12,-8,-6,-25,-24,-41,-26,-33,-37,-35,-29,-43,-2,-22,-12,-24,-13,-45,-39,-63,-41,-41,-10,-20,0,0,0,0,0,0,0,0,0,0,0,0,0,0,0,0,0,0,0,0,0,0,0,0,0,0,0,0,0,0,0,0,0,0,0,0,0,0,0,0,0,0,0,0,0,0,0,0,0,0,0,0,0,0,0,0,0,0,0,0,0,0,0,0,0,0,0,0,0,-12842,0,0,0,0,0,0,0,0,0,0,0,-27999,-27999,-27985,-27985,-27986,-27983,-27984,-27984,-27985,-27985,-27986,-27985,-27986,-27986,-27987,-27982,-27991,-27991,-27992,-27990,-27991,-27991,-27992,-27992,-27993,-27993,-27994,-27994,-27995,-27993,-27994,-27994,-27995,-27994,-27995,0,-27991,-27991,-27993,-27993,-27994,-27994,-27995,-27995,-27997,-27995,-27996,-27996,-27998,-27998,-27999,-27999]} 1. f4 d5 2. Nf3 Nf6 3. g3 g6 4. Bg2 Bg7 5. O-O b6 6. Ne5 {A03: Bird's Opening with 1...d5} O-O 7. c4 c5 8. Nc3 {[%cal Rc3d5] The position is equal.} Bb7 9. d4 $146 ({Predecessor:} 9. g4 e6 10. e3 Ne4 11. d4 f6 12. Nd3 cxd4 13. exd4 f5 {0-1 (30) Mamedyarov,S (2817)-So,W (2765) Kolkata 2018}) 9... cxd4 $1 10. Qxd4 {[%cal Rc4d5]} Nc6 11. Nxc6 Bxc6 12. Qd3 {[%cal Rc4d5]} e6 {[#]} 13. f5 $1 {[%mdl 512]} Qe7 {Strongly threatening ...dxc4.} (13... exf5 {is more complex.} 14. cxd5 Bb7 15. Bg5 Qd7 16. Rad1 Rfe8) 14. cxd5 Nxd5 15. Nxd5 Bxd5 16. Bxd5 exd5 17. Qxd5 Rad8 18. Qf3 {f6 is the strong threat.} Qc5+ 19. Be3 Qxf5 20. Qxf5 gxf5 21. Rxf5 Rfe8 22. Kf2 Bxb2 23. Rb1 Bd4 24. Bxd4 Rxd4 $11 {[%mdl 4096] Endgame KRR-KRR} 25. Rb2 Rc8 26. Rf4 Rd6 27. a4 Rc5 28. Rbb4 Re6 29. Rbe4 Rxe4 30. Rxe4 {KR-KR} Kg7 31. g4 Kf6 32. h4 h6 33. Kf3 Rc1 34. Rd4 Rf1+ 35. Kg2 Ra1 36. Kf3 Rf1+ 37. Kg2 Ra1 38. Kf3 Kg7 39. e3 Rh1 40. Kg3 Rb1 41. Kf3 Rh1 42. Kg3 a5 43. Rd6 Ra1 44. Rxb6 Rxa4 45. Ra6 Ra1 46. Kf4 a4 47. Ke4 a3 48. Ra5 a2 49. g5 hxg5 50. Rxg5+ Kh6 51. Rg2 $1 f5+ 52. Ke5 {[#]} f4 $1 {[%mdl 512] Threatens to win with ...Kh5.} 53. Ke4 (53. exf4 Re1+) 53... Kh5 54. Rf2 $2 {[%mdl 8192] [#]} (54. Kf5 $11) 54... fxe3 $2 (54... Kg4 $1 $19 {[%cal Rg4g3] And now ...Kg3 would win.} 55. Rxf4+ Kg3) 55. Re2 Kxh4 $2 {[%mdl 8192]} (55... Kg4 $11 56. Kxe3 Kxh4 57. Rh2+ Kg3) 56. Kxe3 Kg5 $2 {[%mdl 8192]} (56... Kg4 $11 57. Ke4 Kg5) 57. Ke4 Kf6 58. Rf2+ Ke6 59. Kf3 $2 {[%mdl 8192]} (59. Kf4 $11 Kf7 60. Kf5) 59... Ke5 $2 {[%mdl 8192]} (59... Kd5 $11 60. Kf4 Kc5) 60. Kg2 $2 {[%mdl 8192] [#]} (60. Re2+ $11 Kd4 61. Rf2) 60... Rg1+ $1 {[%mdl 576] Decoy, Clearance, Promotion} 61. Kxg1 a1=Q+ {KQ-KR} 62. Kg2 Qd1 63. Kg3 Ke4 64. Rf4+ Ke3 65. Rf5 Qg1+ 66. Kh4 Qg6 67. Rf1 Qh7+ 68. Kg4 Qg8+ 69. Kh3 Qe6+ 70. Kg3 Qg8+ 71. Kh3 Qg5 72. Kh2 Qh4+ 73. Kg2 Ke2 74. Rg1 Qg4+ 75. Kh2 Qh4+ 76. Kg2 Qf2+ 77. Kh1 Ke3 78. Rg4 $2 {[%mdl 8192]} (78. Rg3+ $11 Kf4 79. Rg4+ Kf5 80. Rg5+ Ke4 81. Rg4+ Kf5 82. Rg5+ Ke4 83. Rg4+ Ke5 84. Rg5+ Ke4) 78... Qf5 {Black mates.} 79. Rg2 Kf3 80. Kh2 Qh5+ 81. Kg1 Qh4 {( -> ...Qd4+)} 82. Rc2 Qe1+ 83. Kh2 Qe5+ 84. Kg1 Qg7+ 85. Kh1 Qh7+ {[%mdl 64] Double Attack. Accuracy: White = 78%, Black = 73%.} 0-1

[Event "26th Zadar Open 2019"]
[Site "Zadar"]
[Date "2019.12.22"]
[Round "9.6"]
[White "Doric, Darko"]
[Black "Dixit, Nikhil"]
[Result "1/2-1/2"]
[WhiteElo "2492"]
[BlackElo "2318"]
[Annotator "ChessBase"]
[PlyCount "82"]
[EventDate "2019.12.15"]
[EventType "swiss"]
[EventCountry "CRO"]
[SourceTitle "playchess.com"]
[Source "ChessBase"]
[SourceQuality "1"]
[TimeControl "40/5400+30:1800+30"]

1. d4 {[%emt 0:00:30]} Nf6 {[%emt 0:05:30]} 2. c4 {[%emt 0:00:00]} g6 {[%emt 0:00:00]} 3. Nc3 {[%emt 0:00:00]} Bg7 {[%emt 0:00:00]} 4. e4 {[%emt 0:00:00]} d6 {[%emt 0:00:00]} 5. Be2 {[%emt 0:00:00]} O-O {[%emt 0:00:00]} 6. Be3 {[%emt 0:00:30]} c6 {[%emt 0:00:30]} 7. Nf3 {[%emt 0:01:30]} Bg4 {[%emt 0:06:30]} 8. O-O {[%emt 0:05:30]} Nfd7 {[%emt 0:00:00]} 9. Qd2 {[%emt 0:08:30]} Na6 {[%emt 0:02:00]} 10. h3 {[%emt 0:06:30]} Bxf3 {[%emt 0:00:00]} 11. Bxf3 {[%emt 0:00:00]} Nc7 {[%emt 0:01:00]} 12. Be2 {[%emt 0:02:00]} Ne6 {[%emt 0:10:30]} 13. d5 {[%emt 0:09:30]} Nec5 {[%emt 0:01:30]} 14. f3 {[%emt 0:11:30]} cxd5 {[%emt 0:04:30]} 15. exd5 {[%emt 0:09:30]} a5 {[%emt 0:03:30]} 16. Rfe1 {[%emt 0:03:30]} a4 {[%emt 0:02:30]} 17. Bf1 {[%emt 0:10:30]} Qa5 {[%emt 0:08:30]} 18. Rab1 {[%emt 0:02:30]} Ne5 {[%emt 0:13:30]} 19. f4 {[%emt 0:04:30]} Ned7 {[%emt 0:00:30]} 20. Bd4 {[%emt 0:00:30]} Nf6 {[%emt 0:06:30]} 21. Rbd1 {[%emt 0:03:30]} Rfe8 {[%emt 0:03:30]} 22. Nb5 {[%emt 0:01:47]} Qxd2 {[%emt 0:10:30]} 23. Rxd2 {[%emt 0:00:04]} Nfe4 {[%emt 0:01:50]} 24. Rdd1 {[%emt 0:00:16]} Rac8 {[%emt 0:01:44]} 25. g4 {[%emt 0:00:54]} f5 {[%emt 0:03:09]} 26. Bg2 {[%emt 0:01:40]} Kf7 {[%emt 0:01:47]} 27. Bf3 {[%emt 0:00:38]} Bxd4+ {[%emt 0:00:59]} 28. Rxd4 {[%emt 0:03:23]} Kf6 {[%emt 0:01:24]} 29. Rdd1 {[%emt 0:03:45]} h5 {[%emt 0:01:02]} 30. Kg2 {[%emt 0:01:05]} hxg4 {[%emt 0:00:56]} 31. hxg4 {[%emt 0:00:05]} Rh8 {[%emt 0:00:09]} 32. Nd4 {[%emt 0:08:11]} Rh4 {[%emt 0:01:48]} 33. Rh1 {[%emt 0:01:07]} Rch8 {[%emt 0:01:40]} 34. g5+ {[%emt 0:00:17]} Kf7 {[%emt 0:00:30]} 35. Rxh4 {[%emt 0:00:04]} Rxh4 {[%emt 0:00:03]} 36. Bxe4 {[%emt 0:02:55]} Nxe4 {[%emt 0:00:48]} 37. Ne6 {[%emt 0:00:27]} Rg4+ {[%emt 0:00:53]} 38. Kh2 {[%emt 0:00:11]} Rh4+ {[%emt 0:03:18]} 39. Kg2 {[%emt 0:00:04]} Rg4+ {[%emt 0:00:06]} 40. Kh2 {[%emt 0:01:55]} Rh4+ {[%emt 0:00:00]} 41. Kg2 {[%emt 0:08:12]} Rg4+ {[%emt 0:07:24]} 1/2-1/2

[Event "26th Zadar Open 2019"]
[Site "Zadar"]
[Date "2019.12.22"]
[Round "9.7"]
[White "Rogic, Davor"]
[Black "Mosesov, Danyil"]
[Result "1-0"]
[WhiteElo "2485"]
[BlackElo "2290"]
[Annotator "RC"]
[PlyCount "89"]
[EventDate "2019.12.15"]
[EventType "swiss"]
[EventCountry "CRO"]
[SourceTitle "playchess.com"]
[Source "ChessBase"]
[SourceQuality "1"]
[TimeControl "40/5400+30:1800+30"]

1. e4 {[%emt 0:00:30]} e5 {[%emt 0:02:30]} 2. Nf3 {[%emt 0:00:00]} Nc6 {[%emt 0:00:30]} 3. Bb5 {[%emt 0:00:00]} a6 {[%emt 0:00:30]} 4. Ba4 {[%emt 0:00:30]} b5 {[%emt 0:00:00]} 5. Bb3 {[%emt 0:00:30]} g6 {[%emt 0:00:00]} 6. a4 {[%emt 0:05:30]} b4 {[%emt 0:00:30]} 7. d4 {[%emt 0:02:30]} exd4 {[%emt 0:00:30]} 8. Nxd4 {[%emt 0:01:30]} Na5 {[%emt 0:00:00]} 9. Ba2 {[%emt 0:02:30]} Bg7 {[%emt 0:00:00]} 10. O-O {[%emt 0:02:30]} Ne7 {[%emt 0:00:00]} 11. Be3 {[%emt 0:24:30]} O-O {[%emt 0:01:00]} 12. Qc1 {[%emt 0:07:30]} Bb7 {[%emt 0:05:30]} 13. Nd2 {[%emt 0:09:30]} d5 {[%emt 0:05:30]} 14. Rd1 {[%emt 0:03:30]} dxe4 {[%emt 0:07:30]} 15. Ne6 {[%emt 0:05:30]} fxe6 {[%emt 0:01:30]} 16. Bxe6+ {[%emt 0:00:00]} Kh8 {[%emt 0:00:30]} 17. Nc4 {[%emt 0:00:00]} Qe8 {[%emt 0:05:30]} 18. Nxa5 {[%emt 0:00:30]} Bc8 {[%emt 0:00:30]} 19. Bb3 {[%emt 0:01:30]} Bg4 {[%emt 0:06:30]} 20. Re1 {[%emt 0:00:30]} Qd7 {[%emt 0:05:30]} 21. Nc4 {[%emt 0:05:30]} Qf5 {[%emt 0:04:30]} 22. Nd2 {[%emt 0:05:30]} Nc6 {[%emt 0:09:30]} 23. Nf1 {[%emt 0:02:31]} Qf6 {[%emt 0:19:30]} 24. Rb1 {[%emt 0:02:26]} Nd4 {[%emt 0:03:30]} 25. Ng3 {[%emt 0:02:17]} Rae8 {[%emt 0:01:30]} 26. Bc4 {[%emt 0:01:17]} h5 {[%emt 0:06:32]} 27. c3 {[%emt 0:02:05]} Nc6 {[%emt 0:00:16]} 28. Bd5 {[%emt 0:00:52]} Qd6 {[%emt 0:02:42]} 29. c4 {[%emt 0:04:30]} Ne5 {[%emt 0:02:59]} 30. Nxe4 {[%emt 0:01:06]} Qd7 {[%emt 0:00:01]} 31. Nc5 {[%emt 0:00:29]} Qe7 {[%emt 0:00:23]} 32. Bd4 {[%emt 0:00:46]} Qf6 {[%emt 0:01:56]} 33. Kh1 {[%emt 0:04:00]} Bf5 {[%emt 0:02:35]} 34. f4 {[%emt 0:00:24]} Bxb1 {[%emt 0:00:13]} 35. Bxe5 {[%emt 0:01:29]} Qh4 {[%emt 0:03:57]} 36. Qxb1 {[%emt 0:01:03]} Bxe5 {[%emt 0:00:33]} 37. fxe5 {[%emt 0:00:15]} Rf5 {[%emt 0:00:47]} 38. Nd3 {[%emt 0:00:42]} c6 {[%emt 0:02:09]} 39. Bxc6 {[%emt 0:01:10]} Ref8 {[%emt 0:00:02]} 40. h3 {[%emt 0:00:17]} Qxc4 {[%emt 0:01:26]} 41. Be4 {[%emt 0:30:50]} R5f7 {[%emt 0:30:29]} 42. Bxg6 {[%emt 0:01:50]} Rg7 {[%emt 0:00:00]} 43. Be4 {[%emt 0:00:00]} Rg3 {[%emt 0:00:00]} 44. Qd1 {[%emt 0:00:00]} Qf7 {[%emt 0:00:00]} 45. e6 {[%emt 0:00:00]} 1-0

[Event "26th Zadar Open 2019"]
[Site "Zadar"]
[Date "2019.12.22"]
[Round "9.8"]
[White "Martinovic, Sasa"]
[Black "Bratovic, Blaz"]
[Result "1-0"]
[WhiteElo "2544"]
[BlackElo "2359"]
[Annotator "RC"]
[PlyCount "63"]
[EventDate "2019.12.15"]
[EventType "swiss"]
[EventCountry "CRO"]
[SourceTitle "playchess.com"]
[Source "ChessBase"]
[SourceQuality "1"]
[TimeControl "40/5400+30:1800+30"]

1. d4 {[%emt 0:00:30]} Nf6 {[%emt 0:06:30]} 2. c4 {[%emt 0:00:00]} g6 {[%emt 0:00:30]} 3. Nc3 {[%emt 0:00:00]} Bg7 {[%emt 0:00:30]} 4. e4 {[%emt 0:00:00]} d6 {[%emt 0:00:00]} 5. h3 {[%emt 0:00:00]} O-O {[%emt 0:00:00]} 6. Be3 {[%emt 0:00:00]} e5 {[%emt 0:00:00]} 7. d5 {[%emt 0:00:00]} Na6 {[%emt 0:00:00]} 8. Nf3 {[%emt 0:01:30]} Nh5 {[%emt 0:00:30]} 9. a3 {[%emt 0:02:30]} f5 {[%emt 0:08:30]} 10. b4 {[%emt 0:00:30]} c5 {[%emt 0:02:30]} 11. dxc6 {[%emt 0:00:00]} bxc6 {[%emt 0:00:00]} 12. Qa4 {[%emt 0:03:00]} Nc7 {[%emt 0:12:00]} 13. Rd1 {[%emt 0:05:30]} Bb7 {[%emt 0:07:30]} 14. Be2 {[%emt 0:07:30]} Nf4 {[%emt 0:01:30]} 15. O-O {[%emt 0:11:30]} fxe4 {[%emt 0:07:30]} 16. Nd2 {[%emt 0:00:00]} c5 {[%emt 0:00:00]} 17. bxc5 {[%emt 0:06:00]} dxc5 {[%emt 0:03:00]} 18. Bg4 {[%emt 0:13:30]} h5 {[%emt 0:04:30]} 19. Ndxe4 {[%emt 0:00:30]} Qh4 {[%emt 0:00:30]} 20. g3 {[%emt 0:05:30]} Nxh3+ {[%emt 0:00:30]} 21. Bxh3 {[%emt 0:00:00]} Qxh3 {[%emt 0:00:30]} 22. Qd7 {[%emt 0:00:00]} Qxd7 {[%emt 0:19:30]} 23. Rxd7 {[%emt 0:00:00]} Bxe4 {[%emt 0:00:00]} 24. Nxe4 {[%emt 0:00:00]} Ne6 {[%emt 0:00:00]} 25. Rb1 {[%emt 0:11:30]} Rf7 {[%emt 0:01:30]} 26. Rxf7 {[%emt 0:07:30]} Kxf7 {[%emt 0:00:30]} 27. Rb7+ {[%emt 0:01:30]} Kg8 {[%emt 0:00:30]} 28. Kg2 {[%emt 0:00:30]} a5 {[%emt 0:00:30]} 29. a4 {[%emt 0:00:30]} Ra6 {[%emt 0:01:30]} 30. Bd2 {[%emt 0:04:30]} Nd4 {[%emt 0:00:30]} 31. Rc7 {[%emt 0:02:12]} Rc6 {[%emt 0:01:30]} 32. Ra7 {[%emt 0:04:54]} 1-0

[Event "26th Zadar Open 2019"]
[Site "Zadar"]
[Date "2019.12.22"]
[Round "9.9"]
[White "Yeoh, Li Tian"]
[Black "Dev, Shah"]
[Result "1/2-1/2"]
[WhiteElo "2530"]
[BlackElo "2242"]
[Annotator "TA"]
[PlyCount "221"]
[EventDate "2019.12.15"]
[EventType "swiss"]
[EventCountry "CRO"]
[SourceTitle "playchess.com"]
[Source "ChessBase"]
[SourceQuality "1"]

{[%evp 9,221,-20,0,-10,134,134,101,8,8,8,8,25,22,12,24,16,77,0,0,-8,-5,-102,-120,-100,-114,-191,-183,-195,-191,-189,-194,-195,-193,-192,-196,-202,0,0,0,-80,0,0,0,0,0,0,0,0,0,0,0,-14,0,0,0,-16,0,0,0,0,0,0,0,0,0,-46,0,0,0,-18,0,0,0,0,0,0,0,0,0,0,0,0,0,0,0,0,0,0,49,0,0,0,245,241,224,230,310,304,300,298,300,291,354,337,393,371,341,286,313,277,239,142,119,109,124,31,75,75,230,230,196,41,58,2,8,0,0,0,0,0,15,8,13,0,0,0,0,0,0,-8,-8,-8,-8,-8,-8,-8,-8,-8,-8,-8,-8,-8,-8,-8,-8,-8,-8,-8,-8,-8,-8,-8,-8,-8,-8,-8,-8,-8,-8,-8,-8,-8,-8,-8,-8,-28,-8,-36,-36,-36,-36,-40,-36,-36,-8,-8,-8,-8,-8,-8,-8,-8,-8,-8,-8,-8,-8,-8,-8,-8,-8,-8,-8,-8,-8,-8,-8,-8,-8,-8,-8,-8,-8,-8]} 1. e4 e5 2. f4 exf4 3. Bc4 Nf6 4. Nc3 Bb4 5. Nf3 Qe7 (5... O-O 6. O-O Nxe4 7. Nxe4 d5 8. Bd3 dxe4 9. Bxe4 Re8 10. Re1 Nd7 11. c3 Bd6 12. d4 Nf6 13. Qd3 {0-1 (30) Zakarian,D (2353)-Adams,M (2701) Daventry 2019}) 6. e5 {C33: King's Gambit Accepted: 3 Nc3 and 3 Bc4} O-O (6... d6 $11 7. Qe2 dxe5 8. Qxe5 Nc6 9. Qxe7+ Nxe7) 7. Qe2 $1 $16 Bxc3 8. bxc3 $146 (8. dxc3 $16 Nh5 9. g4 fxg3 10. Bg5) ({Predecessor:} 8. dxc3 Nh5 9. O-O Re8 10. Qe4 c6 11. Qd4 b5 12. Bd3 g6 13. Bxf4 {1-0 (23) Fischer,R-Sandrin,A Chicago 1964}) 8... Nh5 $1 $11 9. d4 d6 10. Ba3 Bg4 11. O-O Qd7 12. Bb5 Qe6 (12... Qd8 $11) 13. c4 (13. exd6 $16 cxd6 14. Qxe6 Bxe6 15. Bd3 (15. Bxd6 Rc8 $16)) 13... c6 14. Ba4 ({But not} 14. Bxd6 Re8 $17) 14... Re8 15. Qd3 (15. Rae1 $11 {keeps the balance.}) 15... Bxf3 $17 16. Qxf3 Qxc4 17. Bb3 (17. Qxh5 $17 Qxd4+ {[%mdl 64] Double Attack} 18. Kh1 Qxa4 19. Bxd6) 17... Qxd4+ $19 {[%mdl 64] Double Attack} 18. Kh1 Qxe5 (18... Rxe5 19. Rad1 $11) 19. Bxd6 Qxd6 20. Qxh5 Qf6 $1 21. Rad1 Na6 $1 22. g3 Re7 $2 (22... Re4 $19 {Strongly threatening ...g6.} 23. Rd7 Re7 24. Rxe7 Qxe7 25. Rxf4 Rf8) 23. Rxf4 $11 g6 $1 24. Qg4 (24. Qh3 $11 Qe5 25. Bxf7+ Kg7 26. Rdf1) 24... Qg7 (24... Qe5 $1 $17 25. Rdf1 Rf8) 25. Rd7 Rxd7 $1 26. Qxd7 {[%cal Rf4f7]} Nc5 27. Bxf7+ Kh8 28. Qd6 Rf8 29. Kg1 b6 30. Qxc6 Rd8 31. Bc4 Rf8 32. Bf7 Rd8 33. Qf3 g5 34. Rf5 $1 g4 35. Qe3 Qd4 36. Qxd4+ Rxd4 {[%mdl 4096] Endgame KRB-KRN} 37. c4 Ne4 38. Bd5 Nd6 39. Rf8+ Kg7 40. Ra8 Nxc4 41. Rxa7+ Kg6 42. Bg8 h6 43. Rb7 Ne5 44. Kf2 Rb4 45. Ke3 h5 46. Bb3 Nf3 47. h4 Nd4 $1 48. Bf7+ Kh6 (48... Kf6 $5 {[%cal Rd4f5]} 49. Kd2 (49. Bxh5 Nf5+ 50. Kf2 Nd6 $11) 49... Nf5 50. Bxh5 Nxg3 $11) 49. Kd3 {And now Kc3 would win.} Nf5 $1 50. Kc3 Rb5 $2 (50... Rb1 $11 {and Black stays safe.}) 51. Bc4 $1 $18 {[%cal Rc4b5]} Re5 52. Bd3 $1 ({Less strong is} 52. Rxb6+ Kg7 $14) 52... Ne7 53. Rxb6+ Kg7 54. Rb7 Kf6 {[#]} 55. a4 $1 Rc5+ 56. Kd4 Ra5 57. Rb6+ Kg7 58. Bc2 Rd5+ 59. Kc4 Rd2 60. Rb2 (60. Be4 $18) 60... Rg2 $16 61. a5 Rxg3 62. Bb3 (62. Bd3 $16) 62... Rg1 63. a6 Rc1+ $2 (63... Ra1 $16) 64. Kb5 $18 Nc8 {[#]} 65. Bd5 $2 (65. Be6 $1 $18 {[%cal Re6c8] aiming for Bxc8.} Nd6+ 66. Kb4) 65... Kf6 $14 66. Re2 (66. Bb7 $14 Nd6+ 67. Kb4) 66... Kf5 67. Bb7 Nd6+ 68. Kb6 {Threatens to win with a7.} Rb1+ 69. Kc7 Nb5+ 70. Kd7 {Black must now prevent Be4+.} Kf4 71. Rg2 g3 72. Ra2 Kg4 73. Ra4+ Kh3 74. Ke6 Nc7+ 75. Kf7 Nxa6 76. Bc8+ $1 Kh2 77. Ra2+ g2 78. Bxa6 Kg3 {[#]} (78... Rb4 {seems wilder.} 79. Rxg2+ Kxg2 80. Be2 Rxh4 81. Kg6 Rg4+) 79. Rxg2+ $1 {[%mdl 512]} Kxg2 $11 {KR-KB} 80. Be2 $1 Kg3 81. Bxh5 Kxh4 82. Bg6 Rb7+ 83. Kf6 Rb6+ 84. Kf5 Rb5+ 85. Kf4 Rg5 86. Bf5 Rg1 87. Bd3 Rd1 88. Ke3 Kg3 89. Kd4 Kf4 90. Kc3 Ke3 91. Bc2 Rd7 92. Kb2 Rb7+ 93. Ka1 Kd2 94. Bg6 Kc3 95. Bf5 Ra7+ (95... Re7 {is interesting.} 96. Ka2 Re2+ 97. Kb1 Rb2+ 98. Ka1 Kb3) 96. Kb1 Kb3 (96... Ra3 {keeps more tension.} 97. Bd7 Ra8 98. Bc6 Rf8 99. Bg2 Rb8+) 97. Be6+ {The position is equal.} Ka3 98. Kc2 Rb7 99. Kc3 Re7 100. Bd5 Ka4 101. Kc4 Ka5 102. Kc5 Rd7 103. Be6 Rd1 104. Bd5 Rg1 105. Be6 Rg5+ 106. Kd6 Kb6 107. Ke7 Kc7 108. Kf6 Rg1 109. Ke5 Kd8 110. Kd6 Rd1+ 111. Bd5 {Accuracy: White = 57%, Black = 67%.} 1/2-1/2